Základy ekonómie a ekonomiky

Salvato in:
Dettagli Bibliografici
Autore principale: Šlosár, Rudolf
Altri autori: Búrová, Sidónia, Fabová, Ľudmila, Lisý, Ján
Natura: Libro
Lingua:slovacco
Pubblicazione: Bratislava Slovenské pedagogické nakladateľstvo 2001
Edizione:3. vyd.
Soggetti:
Tags: Aggiungi Tag
Nessun Tag, puoi essere il primo ad aggiungerne!!

MARC

LEADER 00000nam$a2200000$$$4500
001 0111670
005 20240502072233.8
020 |a 80-08-03199-9 
041 0 |a slo 
044 |a SK 
245 1 0 |a Základy ekonómie a ekonomiky  |c Rudolf Šlosár ... [et al.] 
250 |a 3. vyd. 
264 1 |a Bratislava  |b Slovenské pedagogické nakladateľstvo  |c 2001 
300 |a 84 s. 
610 2 0 |a ekonómia 
100 1 |a Šlosár, Rudolf 
700 1 |a Búrová, Sidónia 
700 1 |a Fabová, Ľudmila 
700 1 |a Lisý, Ján